Itinerario general militar de España / (Record no. 156120)

MARC details
000 -LEADER
campo de control de longitud fija 00662nam a2200169 i 4500
001 - NÚMERO DE CONTROL
campo de control 156120
003 - IDENTIFICADOR DE NÚMERO DE CONTROL
campo de control ES-MaACL
005 - FECHA Y HORA DE LA ÚLTIMA TRANSACCIÓN
campo de control 20230906210327.0
008 - DATOS DE LONGITUD FIJA--INFORMACIÓN GENERAL
campo de control de longitud fija 010711s1870 sp ab |||| | spa d
040 ## - FUENTE DE CATALOGACIÓN
Centro catalogador/agencia de origen CCPB | B
Lengua de catalogación spa
Centro/agencia transcriptor CCPB | B
110 1# - ENTRADA PRINCIPAL--NOMBRE DE ENTIDAD CORPORATIVA
Nombre de entidad corporativa o nombre de jurisdicción como elemento de entrada España.
Unidad subordinada Cuerpo de Estado Mayor del Ejército.
9 (RLIN) 140419
245 10 - MENCIÓN DEL TÍTULO
Título Itinerario general militar de España /
Mención de responsabilidad, etc. por el cuerpo de E. M. del Ejército, Capitanía General de las Provincias Vascongadas.
260 ## - PUBLICACIÓN, DISTRIBUCIÓN, ETC.
Lugar de publicación, distribución, etc. [Madrid] :
Nombre del editor, distribuidor, etc. Depósito de la Guerra,
Fecha de publicación, distribución, etc. 1870.
300 ## - DESCRIPCIÓN FÍSICA
Extensión 5 p., [92] h. de map. ;
Dimensiones 9 x 15 cm.
651 #4 - PUNTO DE ACCESO ADICIONAL DE MATERIA--NOMBRE GEOGRÁFICO
Nombre geográfico País Vasco-
Subdivisión de forma Mapas militares.
9 (RLIN) 161596
852 ## - LOCALIZACIÓN
Ubicación ES-MaACL
Número de control de estantería G-13413
Nota libre -- Enc. ed. hol.
Holdings
Estatus retirado Estado de pérdida Estado de daño No para préstamo Colección Biblioteca de origen Biblioteca actual Ubicación en estantería Fecha de adquisición Fuente de adquisición Total de préstamos Signatura topográfica completa Código de barras Visto por última vez Precio de reemplazo Tipo de ítem Koha
        Libros del s. XIX Biblioteca del Ateneo de Madrid Biblioteca del Ateneo de Madrid Sala Pecera Planta 3 17/01/2008     G-13413 1163329 23/02/2023 23/02/2023 Libro impreso antiguo